[Event "Michigan Open"]
[Site "East Lansing"]
[Date "1991.08.31"]
[Round "3"]
[White "Smith, Mike A"]
[Black "Moore, Robert"]
[Result "1/2-1/2"]
[WhiteElo "1893"]
[BlackElo "1822"]
[PlyCount "76"]
[EventDate "1991.08.30"]

1. e4 c5 2. Nf3 d6 3. d4 cxd4 4. Nxd4 Nf6 5. Nc3 a6 6. f3 Nc6 7. Be3 e6 8. Qd2
Be7 9. Bd3 e5 10. Nde2 Be6 11. O-O-O Nb4 12. a3 Nxd3+ 13. Qxd3 O-O 14. g4 Rc8
15. h4 h6 16. Rdg1 d5 17. exd5 Nxd5 18. Nxd5 Qxd5 19. Qxd5 Bxd5 20. Rf1 Be6 21.
g5 h5 22. f4 Bg4 23. Ng3 exf4 24. Bxf4 Rc6 25. c3 Re8 26. Re1 Kf8 27. Re3 Bc5
28. Rxe8+ Kxe8 29. Re1+ Kf8 30. Ne4 Re6 31. Kd2 Bb6 32. Nd6 Rxe1 33. Kxe1 Bf3
34. Nc4 Ba7 35. Ne5 Bg2 36. Ke2 Ke7 37. Nc4 Ke6 38. Ne3 Bxe3 1/2-1/2

[Event "Michigan Open"]
[Site "East Lansing"]
[Date "1991.08.31"]
[Round "1"]
[White "Smith, Mike A"]
[Black "Hahn, David"]
[Result "0-1"]
[WhiteElo "1893"]
[BlackElo "2272"]
[PlyCount "84"]
[EventDate "1991.08.30"]

1. e4 g6 2. d4 Bg7 3. f4 c5 4. c3 cxd4 5. cxd4 d5 6. e5 Nc6 7. Nf3 Bg4 8. Be2
e6 9. O-O Qb6 10. Nc3 Bxf3 11. Bxf3 Qxd4+ 12. Kh1 Qxd1 13. Rxd1 Nge7 14. Nb5
O-O 15. Nd6 Rab8 16. b3 Nf5 17. Ba3 Rfd8 18. Nxf5 gxf5 19. Rac1 Bf8 20. Bxf8
Kxf8 21. Rc3 Rbc8 22. Rdc1 Ne7 23. Rc7 Rxc7 24. Rxc7 Rc8 25. Rxc8+ Nxc8 26. Kg1
f6 27. exf6 Kf7 28. Kf2 Kxf6 29. h3 Ne7 30. g4 Nc6 31. g5+ Kg7 32. Ke3 h6 33.
h4 hxg5 34. fxg5 Kg6 35. a3 d4+ 36. Kf2 e5 37. Bxc6 bxc6 38. Kf3 d3 39. Ke3 e4
40. b4 a6 41. a4 Kh5 42. b5 cxb5 0-1

[Event "Michigan Open"]
[Site "East Lansing"]
[Date "1991.08.31"]
[Round "2"]
[White "Smith, Ed"]
[Black "Hankinson, Chris"]
[Result "1/2-1/2"]
[WhiteElo "1818"]
[BlackElo "2108"]
[PlyCount "80"]
[EventDate "1991.08.30"]

1. f4 e5 2. fxe5 d6 3. exd6 Bxd6 4. Nf3 Nf6 5. g3 h5 6. d4 Bf5 7. Nh4 Be4 8.
Bg2 Qe7 9. Nc3 Bxg2 10. Nxg2 Nc6 11. e3 O-O-O 12. Qe2 g5 13. Bd2 Ne4 14. O-O-O
Bb4 15. Nxe4 Qxe4 16. c3 Be7 17. Rdf1 Qe6 18. Kb1 f5 19. Qd3 Rhf8 20. Qc2 Na5
21. b3 Nc6 22. Rf2 Rf6 23. Rhf1 Rdf8 24. h4 g4 25. Nf4 Qf7 26. Kb2 Bd6 27. a3
Ne7 28. c4 Bxf4 29. exf4 Re6 30. Re1 Re8 31. Rfe2 Nc6 32. Bc3 Rxe2 33. Rxe2
Rxe2 34. Qxe2 Qe7 35. Qxe7 Nxe7 36. Kc2 Kd7 37. Kd3 c6 38. b4 Ke6 39. a4 a6 40.
Be1 Ng8 1/2-1/2

[Event "Michigan Open"]
[Site "East Lansing"]
[Date "1991.08.31"]
[Round "1"]
[White "Skidmore, Mike"]
[Black "O'Donnell, Robert"]
[Result "0-1"]
[WhiteElo "1913"]
[BlackElo "2299"]
[PlyCount "90"]
[EventDate "1991.08.30"]

1. e4 c5 2. Nf3 d6 3. Bb5+ Bd7 4. Bxd7+ Qxd7 5. O-O Nc6 6. b3 Nf6 7. Re1 e6 8.
Bb2 Be7 9. c3 O-O 10. d4 cxd4 11. cxd4 d5 12. e5 Ne4 13. Nfd2 Nxd2 14. Nxd2 Nb4
15. Nf3 Rfc8 16. Re2 Qb5 17. Ba3 a5 18. Bxb4 axb4 19. Rc2 Rc3 20. a4 Qc6 21.
Rac1 Rc8 22. Rxc3 bxc3 23. Qc2 Qb6 24. Rd1 Rc6 25. Rd3 Qa5 26. Ne1 h6 27. h3
Bd8 28. Qb1 b5 29. axb5 Qxb5 30. Qc2 Ba5 31. Rd1 Rb6 32. Rb1 Qb4 33. Qd3 Qb5
34. Qc2 Bb4 35. Nd3 Ra6 36. Rc1 Rc6 37. Ra1 Rc8 38. Ra4 Be7 39. Nc1 Bg5 40. Nd3
Bd2 41. b4 Qc4 42. Nc5 Qxd4 43. Nb3 Qe4 44. Qd1 Bg5 45. Nc5 c2 0-1

[Event "Michigan Open"]
[Site "East Lansing"]
[Date "1991.08.31"]
[Round "1"]
[White "Skidmore, Jennifer"]
[Black "Ward, Tom"]
[Result "0-1"]
[WhiteElo "1828"]
[BlackElo "2105"]
[PlyCount "72"]
[EventDate "1991.08.30"]

1. e4 c5 2. Nc3 d6 3. f4 Nc6 4. Bb5 Bd7 5. Nf3 g6 6. O-O Bg7 7. Kh1 Nf6 8. d3
O-O 9. Ne2 a6 10. Bxc6 Bxc6 11. Bd2 b5 12. Ng3 e6 13. Qe1 Qb6 14. c3 Qb7 15. h3
Rad8 16. Qf2 c4 17. e5 Nd7 18. d4 Bxf3 19. Qxf3 Qxf3 20. Rxf3 dxe5 21. Be3 exd4
22. cxd4 Nb6 23. Rd1 Nd5 24. Bf2 Nb4 25. Be1 Nd3 26. Bc3 Bxd4 27. Rdxd3 cxd3
28. Rxd3 Bxc3 29. Rxc3 Rc8 30. Ra3 Rc6 31. Ne4 Kg7 32. Rb3 Rd8 33. g3 Rc2 34.
Nc3 Rdd2 35. Ne2 Rxe2 36. Kg1 Rc1# 0-1

[Event "Michigan Open"]
[Site "East Lansing"]
[Date "1991.08.31"]
[Round "3"]
[White "Skidmore, Jennifer"]
[Black "Braak, Dairen"]
[Result "1-0"]
[WhiteElo "1828"]
[BlackElo "1904"]
[PlyCount "79"]
[EventDate "1991.08.30"]

1. e4 c5 2. Nc3 d6 3. f4 Nc6 4. Bb5 Bd7 5. Nf3 e6 6. O-O a6 7. Bxc6 Bxc6 8. Qe1
b5 9. d3 Nf6 10. Bd2 Be7 11. Ne2 O-O 12. Qf2 b4 13. h3 Nd7 14. Ng3 Bf6 15. Rab1
a5 16. Nh5 g6 17. Nxf6+ Qxf6 18. Nh2 d5 19. Ng4 Qe7 20. f5 f6 21. Rbe1 e5 22.
h4 dxe4 23. dxe4 Bb5 24. fxg6 hxg6 25. Nh6+ Kh8 26. Qg3 Bxf1 27. Rxf1 Qh7 28.
Rf3 Ra6 29. Qh3 Rd6 30. Be3 Rd1+ 31. Kh2 Rb1 32. Qe6 Rxb2 33. Rf2 a4 34. Rd2 g5
35. hxg5 Qxe4 36. Qh3 Nb6 37. Ng4+ Qh7 38. Nh6 Rxc2 39. g6 Qxg6 40. Nf5+ 1-0

[Event "Michigan Open"]
[Site "East Lansing"]
[Date "1991.08.31"]
[Round "3"]
[White "Sherbel, Steve"]
[Black "Lang, Brad"]
[Result "1-0"]
[WhiteElo "2003"]
[BlackElo "1779"]
[PlyCount "65"]
[EventDate "1991.08.30"]

1. d4 Nf6 2. c4 g6 3. f3 d5 4. cxd5 Nxd5 5. e4 Nb6 6. Nc3 Bg7 7. Be3 Nc6 8. Bb5
Bd7 9. Nge2 e6 10. Qd2 a6 11. Bd3 Nb4 12. O-O-O Qe7 13. Kb1 O-O 14. h4 Nxd3 15.
Qxd3 Na4 16. h5 Qb4 17. Qd2 Nb6 18. hxg6 fxg6 19. a3 Qe7 20. Bg5 Bf6 21. Bxf6
Rxf6 22. e5 Rf7 23. Ne4 Nd5 24. N2c3 Raf8 25. Nxd5 exd5 26. Nf6+ Rxf6 27. exf6
Qxf6 28. Rhe1 Qf5+ 29. Ka1 c6 30. Re7 Rf7 31. Rde1 Qf6 32. Qe3 Kf8 33. Rxd7 1-0

[Event "Michigan Open"]
[Site "East Lansing"]
[Date "1991.08.31"]
[Round "1"]
[White "Scott, Steven"]
[Black "Thompson, Dexter"]
[Result "0-1"]
[WhiteElo "1884"]
[BlackElo "2259"]
[PlyCount "90"]
[EventDate "1991.08.30"]

1. e4 e5 2. Nf3 Nc6 3. Bb5 a6 4. Ba4 Nf6 5. O-O b5 6. Bb3 Be7 7. Re1 O-O 8. d4
exd4 9. e5 Ne8 10. Nxd4 Nxd4 11. Qxd4 c5 12. Qe4 Rb8 13. c3 Bb7 14. Bd5 Bxd5
15. Qxd5 Nc7 16. Qd1 d6 17. Bf4 Rb6 18. Na3 Ne6 19. exd6 Bxd6 20. Bxd6 Rxd6 21.
Qf3 Rd3 22. Qg4 f5 23. Qe2 Nf4 24. Qe5 Qg5 25. g3 Rf3 26. Rf1 Qg4 27. Rae1 Nd3
28. Qe6+ Kh8 29. Qe7 Rg8 30. Re2 c4 31. Nc2 Nxb2 32. Ne3 Rxg3+ 33. fxg3 Qxe2
34. Qg5 Nd3 35. Nxf5 Ne1 36. Nh4 Re8 37. Qf5 Qe3+ 38. Kh1 Qe7 39. Qd5 g5 40.
Qd4+ Qg7 41. Qxg7+ Kxg7 42. Nf5+ Kg6 43. Nd4 g4 44. Kg1 Re4 45. Rf8 b4 0-1

[Event "Michigan Open"]
[Site "East Lansing"]
[Date "1991.08.31"]
[Round "3"]
[White "Scott, Steven"]
[Black "Calton, Bill"]
[Result "1/2-1/2"]
[WhiteElo "1884"]
[BlackElo "2073"]
[PlyCount "40"]
[EventDate "1991.08.30"]

1. e4 Nf6 2. e5 Nd5 3. d4 d6 4. exd6 cxd6 5. Nf3 e6 6. c4 Nf6 7. Bd3 Be7 8. O-O
O-O 9. b3 b6 10. Nbd2 d5 11. Bb2 Bb7 12. Ne5 Nbd7 13. Re1 Nxe5 14. dxe5 Nd7 15.
Re3 dxc4 16. Bxh7+ Kxh7 17. Qh5+ Kg8 18. Rh3 f6 19. Qh7+ Kf7 20. Qh5+ Kg8
1/2-1/2

[Event "Michigan Open"]
[Site "East Lansing"]
[Date "1991.08.31"]
[Round "2"]
[White "Schoonmaker, John"]
[Black "Frawley, Ed"]
[Result "1-0"]
[WhiteElo "1967"]
[BlackElo "1828"]
[PlyCount "77"]
[EventDate "1991.08.30"]

1. d4 e5 2. dxe5 d6 3. exd6 Bxd6 4. Nf3 Nf6 5. Bg5 O-O 6. e3 Nc6 7. Be2 Bf5 8.
c3 Qe7 9. O-O Rad8 10. Qc1 h6 11. Bh4 Rfe8 12. Nbd2 g5 13. Bg3 Bxg3 14. hxg3
Kg7 15. Nd4 Nxd4 16. cxd4 a6 17. Nf3 Nd5 18. a3 Rd6 19. Qd2 f6 20. Bd3 Bxd3 21.
Qxd3 Nb6 22. b4 Qe6 23. Rfc1 c6 24. Nd2 f5 25. Rc5 Rd5 26. Rac1 Red8 27. Rxd5
Rxd5 28. Rc5 Nd7 29. Rxd5 cxd5 30. Qc2 b5 31. Qc7 Kg6 32. Nb3 Kf6 33. Nc5 Nxc5
34. dxc5 Qe4 35. Qd6+ Kg7 36. Qd7+ Kg6 37. c6 Qg4 38. Qe8+ Kg7 39. c7 1-0

[Event "Michigan Open"]
[Site "East Lansing"]
[Date "1991.08.31"]
[Round "2"]
[White "Sanborn, Richard"]
[Black "Norcross, John"]
[Result "0-1"]
[WhiteElo "1877"]
[BlackElo "2139"]
[PlyCount "54"]
[EventDate "1991.08.30"]

1. e4 e5 2. f4 d5 3. exd5 c6 4. d4 exd4 5. Qxd4 Nf6 6. Qe5+ Be7 7. Nf3 O-O 8.
Be2 cxd5 9. Be3 Nc6 10. Qg5 Ng4 11. Qh5 g6 12. Qh3 Nxe3 13. g4 Bxg4 14. Qg3
Bxf3 15. Bxf3 Bh4 16. Kd2 Nc4+ 17. Kc1 Bxg3 18. hxg3 Qb6 19. b3 Qe3+ 20. Nd2
Nxd2 21. Kb2 Nxf3 22. Rh6 f5 23. Rah1 Rf7 24. a3 Rc8 25. g4 Ncd4 26. gxf5 Rxc2+
27. Ka1 Qc3+ 0-1

[Event "Michigan Open"]
[Site "East Lansing"]
[Date "1991.08.31"]
[Round "3"]
[White "Robbins, Fred"]
[Black "Kulbacki, James"]
[Result "1/2-1/2"]
[WhiteElo "1873"]
[BlackElo "2044"]
[PlyCount "89"]
[EventDate "1991.08.30"]

1. f4 b5 2. b3 Bb7 3. e3 Nf6 4. Nf3 a6 5. Bb2 e6 6. Be2 Be7 7. O-O d6 8. Na3 c5
9. c4 b4 10. Nc2 O-O 11. Qe1 Nbd7 12. d3 a5 13. Nd2 a4 14. Bf3 Qc7 15. Rb1 axb3
16. axb3 Ra2 17. Bxb7 Qxb7 18. e4 Rfa8 19. Ne3 Ne8 20. Nf3 Bf6 21. e5 Be7 22.
Qg3 dxe5 23. fxe5 f5 24. exf6 Bxf6 25. Bxf6 Nexf6 26. Ng5 R8a6 27. Rfd1 Qb8 28.
Qxb8+ Nxb8 29. d4 Re2 30. dxc5 Nc6 31. Nf1 Raa2 32. Nf3 Rxg2+ 33. Kh1 Ne4 34.
Re1 Rg4 35. Ng3 Nxg3+ 36. hxg3 Rxg3 37. Rxe6 Rh3+ 38. Kg1 Rg3+ 39. Kh1 Rxf3 40.
Rxc6 h5 41. Rd6 Rh3+ 42. Kg1 Rg3+ 43. Kh1 Rh3+ 44. Kg1 Rg3+ 45. Kh1 1/2-1/2

[Event "Michigan Open"]
[Site "East Lansing"]
[Date "1991.08.31"]
[Round "1"]
[White "Repkin, Victor"]
[Black "Mikus, Jim"]
[Result "1-0"]
[WhiteElo "2041"]
[BlackElo "1792"]
[PlyCount "63"]
[EventDate "1991.08.30"]

1. d4 d5 2. Nf3 Nf6 3. g3 Bf5 4. Bg2 c6 5. O-O e6 6. c4 Bxb1 7. Rxb1 Be7 8. Qc2
Nbd7 9. Bf4 O-O 10. Rfc1 dxc4 11. Qxc4 Nd5 12. Bd2 N7b6 13. Qc2 a5 14. a3 Nf6
15. e3 h6 16. b4 axb4 17. axb4 Qd5 18. Ra1 Qe4 19. Ra5 Qxc2 20. Rxc2 Nbd5 21.
Rca2 Rxa5 22. bxa5 Ra8 23. Ne5 Bb4 24. Bxb4 Nxb4 25. Rb2 Nbd5 26. Rxb7 Rxa5 27.
Bxd5 cxd5 28. Rb8+ Kh7 29. Nxf7 Kg6 30. Ne5+ Kf5 31. Rb7 g5 32. Rf7 1-0

[Event "Michigan Open"]
[Site "East Lansing"]
[Date "1991.08.31"]
[Round "3"]
[White "Repkin, Victor"]
[Black "Aldrich, Jeff"]
[Result "1-0"]
[WhiteElo "2041"]
[BlackElo "1837"]
[PlyCount "101"]
[EventDate "1991.08.30"]

1. d4 d5 2. Nf3 Nf6 3. g3 Bg4 4. Bg2 e6 5. O-O Bd6 6. c4 c6 7. Qc2 Nbd7 8. Nc3
O-O 9. cxd5 Nxd5 10. Ng5 N5f6 11. Nge4 Bc7 12. Rd1 Qe7 13. b4 Bh5 14. b5 Rac8
15. Qb3 Bb6 16. a4 a5 17. Ba3 c5 18. Nd2 Rb8 19. Nc4 Qd8 20. Rac1 Qc7 21. Ne4
Nxe4 22. Bxe4 Bxe2 23. Rd2 Bxc4 24. Rxc4 Rfd8 25. Rdc2 Qd6 26. Qf3 Rdc8 27.
Bxb7 Rc7 28. Bc6 Qe7 29. dxc5 Ne5 30. Qe4 Nxc4 31. cxb6 Nxa3 32. bxc7 Qxc7 33.
Rd2 Rd8 34. Rd3 Qe7 35. b6 g6 36. b7 Kf8 37. Rd7 Rxd7 38. b8=Q+ Rd8 39. Qb2
Rd1+ 40. Kg2 f6 41. Qf3 Rg1+ 42. Kxg1 Kg7 43. Qb7 Kf7 44. Qxe7+ Kxe7 45. Qxa3+
Kf7 46. Qd6 Kg7 47. Qxe6 Kh6 48. h4 f5 49. Qf6 f4 50. gxf4 Kh5 51. Qg5# 1-0

[Event "Michigan Open"]
[Site "East Lansing"]
[Date "1991.08.31"]
[Round "2"]
[White "Owens, James"]
[Black "Spooner, Frank"]
[Result "1-0"]
[WhiteElo "2117"]
[BlackElo "1804"]
[PlyCount "59"]
[EventDate "1991.08.30"]

1. e4 c6 2. d4 d5 3. exd5 cxd5 4. c4 Nf6 5. Nc3 e6 6. Nf3 Be7 7. c5 O-O 8. Bd3
Nc6 9. O-O b6 10. Bb5 Qc7 11. Bxc6 Qxc6 12. Ne5 Qb7 13. b4 Bd7 14. Bg5 Rac8 15.
Qe2 bxc5 16. bxc5 Bc6 17. Rfb1 Qc7 18. Qa6 h6 19. Bh4 Rfe8 20. Bg3 Nh5 21. Nxc6
Qxc6 22. Qxa7 Nxg3 23. hxg3 Rc7 24. Qb6 Bf6 25. Nb5 Qxb6 26. cxb6 Rc4 27. Nd6
Bxd4 28. Nxe8 Bxa1 29. Nd6 Rc6 30. b7 1-0

[Event "Michigan Open"]
[Site "East Lansing"]
[Date "1991.08.31"]
[Round "2"]
[White "O'Donnell, Robert"]
[Black "Lehotzky, Attila"]
[Result "1-0"]
[WhiteElo "2299"]
[BlackElo "2084"]
[PlyCount "85"]
[EventDate "1991.08.30"]

1. d4 d6 2. e4 Nf6 3. Nc3 g6 4. g3 Bg7 5. Bg2 O-O 6. Nge2 e5 7. O-O Nc6 8. d5
Nb8 9. h3 h6 10. Be3 g5 11. g4 Nbd7 12. Ng3 Re8 13. Nf5 Nf8 14. Ne2 Ng6 15. c4
Nf4 16. Neg3 Nd7 17. b4 Nf8 18. c5 N8g6 19. cxd6 cxd6 20. Rc1 Nxg2 21. Kxg2
Nf4+ 22. Kh2 a6 23. Qb3 Bxf5 24. Nxf5 Qd7 25. Rc4 Bf8 26. Qc2 Rec8 27. Rc1 Rxc4
28. Qxc4 Ng6 29. Kg3 Ne7 30. Qc7 Nxf5+ 31. gxf5 Qb5 32. Qb6 f6 33. Rc7 Qe8 34.
Qxb7 Rb8 35. Qc6 Qd8 36. a3 Be7 37. Rd7 Qf8 38. Qxa6 h5 39. Qa7 Ra8 40. Qc7 Kf7
41. Qxd6 Rd8 42. Qe6+ Ke8 43. Rxd8+ 1-0

[Event "Michigan Open"]
[Site "East Lansing"]
[Date "1991.08.31"]
[Round "1"]
[White "Norman, Bryan"]
[Black "Braak, Dairen"]
[Result "1-0"]
[WhiteElo "2285"]
[BlackElo "1904"]
[PlyCount "51"]
[EventDate "1991.08.30"]

1. e4 c5 2. Nf3 d6 3. d4 cxd4 4. Nxd4 Nf6 5. Nc3 e6 6. g4 Nc6 7. g5 Nd7 8. Be3
Be7 9. h4 Nde5 10. f4 Ng6 11. h5 Nf8 12. Qd2 a6 13. O-O-O Bd7 14. Rg1 Qc7 15.
f5 Ne5 16. g6 hxg6 17. hxg6 fxg6 18. fxe6 Nxe6 19. Nd5 Qd8 20. Nxe6 Bxe6 21.
Bb6 Qc8 22. Nc7+ Kd7 23. Nxa8 Nf3 24. Qd3 Nxg1 25. Nc7 Rh3 26. Qb5+ 1-0

[Event "Michigan Open"]
[Site "East Lansing"]
[Date "1991.08.31"]
[Round "3"]
[White "Norman, Bryan"]
[Black "Bagherabadi, Mohammed"]
[Result "1/2-1/2"]
[WhiteElo "2285"]
[BlackElo "2130"]
[PlyCount "35"]
[EventDate "1991.08.30"]

1. e4 c5 2. Nf3 a6 3. d4 cxd4 4. Nxd4 Nf6 5. Bd3 e5 6. Nb3 d5 7. exd5 e4 8. Qe2
Bb4+ 9. c3 O-O 10. cxb4 exd3 11. Qxd3 Nxd5 12. O-O Nxb4 13. Qc3 N8c6 14. a3 Nd5
15. Qf3 Qb6 16. Qxd5 Be6 17. Qf3 Qxb3 18. Qxb3 1/2-1/2

[Event "Michigan Open"]
[Site "East Lansing"]
[Date "1991.08.31"]
[Round "1"]
[White "Noren, Kevin"]
[Black "Zacks, Naum"]
[Result "1-0"]
[WhiteElo "2270"]
[BlackElo "1891"]
[PlyCount "53"]
[EventDate "1991.08.30"]

1. Nf3 d6 2. d4 c5 3. d5 g6 4. c4 Bg7 5. e4 Nf6 6. Nc3 O-O 7. h3 a6 8. a4 Qa5
9. Bd2 Nbd7 10. Bd3 Ne5 11. Nxe5 dxe5 12. O-O Nh5 13. Re1 Nf4 14. Bf1 Qc7 15.
Kh2 Bd7 16. g3 Nh5 17. Be2 f5 18. Bxh5 gxh5 19. Qxh5 f4 20. gxf4 exf4 21. Rg1
Kh8 22. Rxg7 Kxg7 23. Rg1+ Kh8 24. Nb5 Qb6 25. Bc3+ Qf6 26. Qg5 Rf7 27. Nd6 1-0

[Event "Michigan Open"]
[Site "East Lansing"]
[Date "1991.08.31"]
[Round "3"]
[White "Noren, Kevin"]
[Black "Ward, Tom"]
[Result "1/2-1/2"]
[WhiteElo "2270"]
[BlackElo "2105"]
[PlyCount "49"]
[EventDate "1991.08.30"]

1. Nf3 Nf6 2. g3 e6 3. Bg2 d5 4. c4 dxc4 5. Qa4+ Nbd7 6. O-O a6 7. Qxc4 b5 8.
Qc2 Bb7 9. a4 c5 10. d3 Be7 11. Nc3 Bc6 12. Nd2 Bxg2 13. Kxg2 Rb8 14. f4 O-O
15. Nf3 Qc7 16. e4 Rfc8 17. b3 Qb7 18. axb5 axb5 19. Ra5 Qc6 20. Bd2 c4 21. Nd4
Qb6 22. Ncxb5 cxd3 23. Qxd3 Nc5 24. Qe2 Ncxe4 25. Ra7 1/2-1/2

[Event "Michigan Open"]
[Site "East Lansing"]
[Date "1991.08.31"]
[Round "3"]
[White "Norcross, John"]
[Black "O'Donnell, Robert"]
[Result "1-0"]
[WhiteElo "2139"]
[BlackElo "2299"]
[PlyCount "65"]
[EventDate "1991.08.30"]

1. e4 c5 2. c3 Nf6 3. e5 Nd5 4. Nf3 Nc6 5. d4 cxd4 6. cxd4 e6 7. Nc3 Nxc3 8.
bxc3 d5 9. exd6 Qxd6 10. Bd3 Be7 11. O-O O-O 12. a4 Rd8 13. Qe2 Bf6 14. Ng5
Bxg5 15. Bxg5 Rf8 16. Bc1 Qd5 17. Bb2 Bd7 18. Rad1 Qg5 19. f4 Qh4 20. Rf3 g6
21. Rdf1 Rfe8 22. Rh3 Qe7 23. Qf2 e5 24. f5 e4 25. Bxe4 Qf6 26. Bb1 Ne7 27. g4
Rac8 28. c4 Rxc4 29. Ba2 Rec8 30. Bxc4 Rxc4 31. Qe2 Qc6 32. Qxe7 Rc2 33. Rhf3
1-0

[Event "Michigan Open"]
[Site "East Lansing"]
[Date "1991.08.31"]
[Round "2"]
[White "Needleman, Andrew"]
[Black "Scott, Steven"]
[Result "0-1"]
[WhiteElo "1620"]
[BlackElo "1884"]
[PlyCount "117"]
[EventDate "1991.08.30"]

1. d4 Nf6 2. c4 e6 3. Nc3 c5 4. d5 exd5 5. cxd5 d6 6. e4 g6 7. f4 Bg7 8. Nf3
Bg4 9. e5 dxe5 10. fxe5 Nfd7 11. e6 fxe6 12. dxe6 Bxe6 13. Qe2 Bxc3+ 14. bxc3
Qf6 15. Bb2 O-O 16. c4 Qe7 17. O-O-O Nc6 18. h4 Bg4 19. Qc2 Nb4 20. Qd2 Nf6 21.
a3 Bxf3 22. gxf3 Rad8 23. Qg5 Rxd1+ 24. Kxd1 Rd8+ 25. Bd3 Nxd3 26. Bxf6 Nf4+
27. Kc1 Qe3+ 28. Kb1 Qd3+ 29. Ka2 Qxc4+ 30. Kb1 Qb3+ 31. Bb2 Rd1+ 32. Rxd1
Qxd1+ 33. Bc1 Ne2 34. Qxc5 Qxc1+ 35. Qxc1 Nxc1 36. Kxc1 Kf7 37. Kc2 Ke6 38. Kc3
Kd5 39. Kd3 b5 40. f4 a5 41. h5 gxh5 42. f5 h4 43. Ke3 b4 44. axb4 axb4 45. Kf4
h6 46. Ke3 Ke5 47. Kd3 h3 48. f6 Kxf6 49. Kc4 h2 50. Kxb4 h1=Q 51. Kc4 Ke5 52.
Kd3 Qe4+ 53. Kc3 h5 54. Kb2 Qe3 55. Kc2 h4 56. Kb2 h3 57. Ka2 h2 58. Ka1 h1=Q+
59. Ka2 0-1

[Event "Michigan Open"]
[Site "East Lansing"]
[Date "1991.08.31"]
[Round "2"]
[White "Moore, Robert"]
[Black "Ball, Ed"]
[Result "0-1"]
[WhiteElo "1822"]
[BlackElo "1924"]
[PlyCount "48"]
[EventDate "1991.08.30"]

1. e4 e6 2. d4 d5 3. Nd2 f5 4. exd5 exd5 5. Ngf3 Nf6 6. Be2 Be7 7. O-O O-O 8.
Ne5 Ne4 9. f3 Nd6 10. Nb3 Nd7 11. Bf4 g5 12. Nxd7 Bxd7 13. Be5 Nf7 14. Bg3 f4
15. Bf2 Bd6 16. Bd3 Qf6 17. c3 Rae8 18. Nc5 Bc8 19. Qc2 h5 20. Rae1 g4 21. Bh7+
Kg7 22. c4 g3 23. hxg3 fxg3 24. Rxe8 Rxe8 0-1

[Event "Michigan Open"]
[Site "East Lansing"]
[Date "1991.08.31"]
[Round "3"]
[White "Moody, David"]
[Black "Spooner, Frank"]
[Result "1-0"]
[WhiteElo "2000"]
[BlackElo "1804"]
[PlyCount "57"]
[EventDate "1991.08.30"]

1. e4 c6 2. d4 d5 3. exd5 cxd5 4. Bd3 Nc6 5. c3 Nf6 6. Bf4 Bg4 7. Qb3 Qd7 8.
Nd2 e6 9. Ngf3 Bxf3 10. Nxf3 Bd6 11. Bxd6 Qxd6 12. Qxb7 Rb8 13. Qa6 O-O 14. O-O
Rb6 15. Qa4 Rfb8 16. b4 Ne4 17. Bxe4 dxe4 18. Nd2 Qd5 19. Qc2 f5 20. Rae1 a5
21. a3 Rc8 22. Qb3 axb4 23. axb4 Ne7 24. Rb1 Qxb3 25. Rxb3 Nd5 26. c4 Nxb4 27.
Rfb1 Rcb8 28. c5 Rb5 29. c6 1-0

[Event "Michigan Open"]
[Site "East Lansing"]
[Date "1991.08.31"]
[Round "3"]
[White "Mitchell, Richard"]
[Black "Czuhai, Kevin"]
[Result "0-1"]
[WhiteElo "1950"]
[BlackElo "2237"]
[PlyCount "94"]
[EventDate "1991.08.30"]

1. b3 Nf6 2. Bb2 d6 3. e3 e5 4. c4 Be7 5. d4 exd4 6. exd4 Bf5 7. Nc3 O-O 8. Be2
Nbd7 9. Nf3 c6 10. O-O Ne4 11. Nxe4 Bxe4 12. Bd3 Bg6 13. Qd2 Bf6 14. Bxg6 hxg6
15. Rae1 a5 16. Ba3 c5 17. Rd1 a4 18. b4 cxd4 19. Bb2 Ne5 20. Nxe5 dxe5 21. f4
a3 22. Ba1 Qc7 23. fxe5 Bxe5 24. Bxd4 Bxh2+ 25. Kh1 Rfe8 26. Rf3 Be5 27. Bxe5
Rxe5 28. Qf4 Rae8 29. Rdf1 Rh5+ 30. Kg1 Qxf4 31. Rxf4 f5 32. R4f3 Rh4 33. Rc1
Re2 34. Rxa3 Rg4 35. g3 f4 36. Rcc3 fxg3 37. Rxg3 Rxc4 38. Rgf3 Rc1+ 39. Rf1
Rcc2 40. Ra8+ Kh7 41. Rff8 g5 42. a4 g4 43. Rf4 Rg2+ 44. Kf1 g3 45. Raf8 Rh2
46. Kg1 Rcg2+ 47. Kf1 Ra2 0-1

[Event "Michigan Open"]
[Site "East Lansing"]
[Date "1991.08.31"]
[Round "2"]
[White "Mikus, Jim"]
[Black "Skidmore, Mike"]
[Result "0-1"]
[WhiteElo "1792"]
[BlackElo "1913"]
[PlyCount "88"]
[EventDate "1991.08.30"]

1. e4 c6 2. d4 d5 3. e5 c5 4. c3 cxd4 5. cxd4 Bf5 6. Nc3 e6 7. Nf3 Nc6 8. Bb5
a6 9. Be2 Nge7 10. O-O h6 11. a3 Bh7 12. b4 Nf5 13. b5 axb5 14. Bxb5 Be7 15. a4
O-O 16. Ba3 Bxa3 17. Rxa3 Qe7 18. Rb3 Na5 19. Rb2 Qa3 20. Qd2 Nb3 21. Rxb3 Qxb3
22. Rb1 Qa3 23. g4 Nxd4 24. Nxd4 Bxb1 25. Nxb1 Qa1 26. Qd3 Rfc8 27. Kg2 Qb2 28.
Nf3 Rc1 29. Nbd2 Qb4 30. h3 Rc3 31. Qe2 Qf4 32. Nb1 Rc1 33. Qb2 Rac8 34. Qb3 d4
35. Bd3 R8c7 36. Qb5 g6 37. Qb6 R1c6 38. Qb4 Rc1 39. Qb6 R7c5 40. Qxb7 Rd1 41.
Qb3 Qc1 42. Nfd2 Rxd2 43. Nxd2 Qxd2 44. Qb8+ Kg7 0-1

[Event "Michigan Open"]
[Site "East Lansing"]
[Date "1991.08.31"]
[Round "3"]
[White "Mikus, Jim"]
[Black "Garrison, Ray"]
[Result "1-0"]
[WhiteElo "1792"]
[BlackElo "1844"]
[PlyCount "33"]
[EventDate "1991.08.30"]

1. e4 c6 2. d4 d5 3. e5 g6 4. Bd3 h5 5. Nf3 Nh6 6. h3 Bf5 7. Bxf5 Nxf5 8. c3
Qb6 9. b3 e6 10. O-O c5 11. Be3 Nxe3 12. fxe3 c4 13. Ng5 Bh6 14. Nxf7 Bxe3+ 15.
Kh1 Rh7 16. Nd6+ Ke7 17. Nc8+ 1-0

[Event "Michigan Open"]
[Site "East Lansing"]
[Date "1991.08.31"]
[Round "3"]
[White "Mazuchowski, Tom"]
[Black "Ghiata, Gheorghe"]
[Result "1-0"]
[WhiteElo "2159"]
[BlackElo "1923"]
[PlyCount "107"]
[EventDate "1991.08.30"]

1. e4 c5 2. a3 d5 3. exd5 Qxd5 4. Nc3 Qe5+ 5. Be2 Bg4 6. d3 Nc6 7. Be3 Bxe2 8.
Qxe2 e6 9. Nf3 Qc7 10. O-O Rd8 11. Ne4 Nd4 12. Nxd4 cxd4 13. Bg5 Be7 14. f4 Nf6
15. Bxf6 Bxf6 16. Rae1 Rc8 17. Rf2 Qb6 18. b4 Bh4 19. g3 Be7 20. f5 O-O 21. f6
gxf6 22. Nxf6+ Bxf6 23. Rxf6 Qb5 24. Qg4+ Kh8 25. Qxd4 Rcd8 26. Qf2 Qd7 27. Rf1
Kg7 28. Rf4 f5 29. Qe3 b6 30. Qe5+ Rf6 31. Rh4 Qf7 32. Rc4 Rd7 33. Rff4 Qh5 34.
Rc8 Qd1+ 35. Kg2 Rdf7 36. Rfc4 Qd2+ 37. Kh3 Qf2 38. Rf4 Qd2 39. Qb8 Rh6+ 40.
Rh4 Rxh4+ 41. gxh4 Kf6 42. Qg3 Qh6 43. Rg8 Rg7 44. Rxg7 Qxg7 45. d4 b5 46.
Qxg7+ Kxg7 47. Kg3 Kg6 48. Kf4 Kh5 49. Kg3 a6 50. c3 h6 51. h3 f4+ 52. Kxf4
Kxh4 53. Ke5 Kxh3 54. Kxe6 1-0

[Event "Michigan Open"]
[Site "East Lansing"]
[Date "1991.08.31"]
[Round "1"]
[White "Mazuchowski, Tom"]
[Black "Aliya, Daniel"]
[Result "1-0"]
[WhiteElo "2159"]
[BlackElo "1843"]
[PlyCount "87"]
[EventDate "1991.08.30"]

1. e4 d6 2. d4 g6 3. Nc3 Bg7 4. h3 Nf6 5. Nf3 O-O 6. Be3 Nbd7 7. a4 b6 8. e5
Ne8 9. Bc4 Nb8 10. O-O Nc6 11. exd6 cxd6 12. Qd2 Qc7 13. Nd5 Qd7 14. Bh6 e6 15.
Bxg7 Kxg7 16. Ne3 d5 17. Bb5 Bb7 18. Ng4 f5 19. Qh6+ Kg8 20. Nge5 Qc7 21. Bxc6
Bxc6 22. Ng5 Bb7 23. Nxe6 Qe7 24. Nxf8 Qxf8 25. Qxf8+ Kxf8 26. a5 Ba6 27. axb6
Bxf1 28. Kxf1 Nd6 29. Rxa7 Rc8 30. b7 Nxb7 31. Rxb7 Rxc2 32. b4 Rd2 33. Nf3 Rb2
34. b5 Rb1+ 35. Ke2 Rb2+ 36. Ke3 Rb3+ 37. Kf4 Rb2 38. b6 Ke8 39. Rb8+ Ke7 40.
b7 Kd7 41. Rh8 Kc7 42. b8=Q+ Rxb8 43. Rxb8 Kxb8 44. Ke5 1-0